000
00319nam a2200157Ia 4500
100
_a
Aibara/Firuza
650
_a
HTML
942
_c
BK
366
_f
20
245
_a
HTML for begineers
260
_b
Shroff Publishers
_c
2010
082
_a
4.65
_b
AIB
300
_a
327
546
_a
ENGLISH
_c
Computers
999
_c
34456
_d
34456